| 000 | 01355cam a2200349 a 4500 | ||
|---|---|---|---|
| 001 | 14819543 | ||
| 003 | OSt | ||
| 005 | 20170214104418.0 | ||
| 008 | 070423s2007 maua 000 0 eng | ||
| 010 | _a 2007927473 | ||
| 020 | _a9780312452780 (pbk. : student ed. : alk. paper) | ||
| 020 | _a0312452780 (pbk. : student ed. : alk. paper) | ||
| 020 | _a9780312452773 (student ed. : alk. paper) | ||
| 020 | _a0312452772 (student ed. : alk. paper) | ||
| 040 |
_aDLC _cDLC _dDLC |
||
| 050 | 0 | 0 |
_aPE1408 _b.K49 2008b |
| 082 | 0 | 0 |
_a808/.042071 _222 |
| 245 | 0 | 4 |
_aThe Bedford guide for college writers with reader, research manual, and handbook / _c[edited by] X.J. Kennedy, Dorothy M. Kennedy, Marcia F. Muth. |
| 250 | _a8th ed. | ||
| 260 |
_aBoston, MA : _bBedford/St. Martins, _c2007. |
||
| 300 |
_a1 v. (various pagings) : _bill. (some col.) ; _c24 cm. |
||
| 650 | 0 |
_aEnglish language _xRhetoric _vHandbooks, manuals, etc. |
|
| 650 | 0 |
_aEnglish language _xGrammar _vHandbooks, manuals, etc. |
|
| 650 | 0 |
_aReport writing _vHandbooks, manuals, etc. |
|
| 650 | 0 | _aCollege readers. | |
| 700 | 1 | _aKennedy, X. J. | |
| 700 | 1 | _aKennedy, Dorothy M. | |
| 700 | 1 | _aMuth, Marcia F. | |
| 906 |
_a7 _bcbc _corignew _d2 _eepcn _f20 _gy-gencatlg |
||
| 942 |
_2lcc _cBK |
||
| 999 |
_c255489 _d255488 |
||